Group process in physical education /

Bibliographic Details
Corporate Author: California. University. University at Los Angeles. Physical Education Department
Other Authors: Kozman, Hilda Clute
Format: Book
Language:English
Published: New York : Harper, [1951]
Series:Harper's school and public health education, physical education, and recreation series.
Subjects:

MARC

Tag First Indicator Second Indicator Subfields
LEADER 00000cam a2200000 4500
001 in00000084566
005 20151008053150.0
008 750416s1951 nyu b 00000 eng u
010 |a  51010611  
035 |a (OCoLC)01280761 
035 |9 AAH6485AM 
040 |c DZM  |d TXA  |d UtOrBLW 
049 |a TXAM  |c [195225] 
050 0 0 |a GV345  |b .C25 
082 0 |a 371.73 
092 |a 371.73  |b C153g 
110 1 |a California.  |b University.  |b University at Los Angeles.  |b Physical Education Department. 
245 1 0 |a Group process in physical education /  |c by the staff of the Physical Education Dept., University of California, Los Angeles. Edited by Hilda Clute Kozman. 
264 1 |a New York :  |b Harper,  |c [1951] 
264 4 |c [©1951] 
300 |a xiv, 418 pages :  |b illustrations ;  |c 22 cm. 
336 |a text  |b txt  |2 rdacontent 
337 |a unmediated  |b n  |2 rdamedia 
338 |a volume  |b nc  |2 rdacarrier 
490 1 |a Harper's series in school and public health education, physical education, and recreation 
500 |a Bibliography: pages 379-393. "Films of use in understanding group proccess": pages 395-400. 
650 0 |a Physical education and training. 
700 1 |a Kozman, Hilda Clute. 
830 0 |a Harper's school and public health education, physical education, and recreation series. 
999 |a MARS 
999 f f |s 080ab860-c189-36ff-9ea9-e622c3e9e081  |i 6d15f210-9fa5-3aef-a569-6f0dd242c7d7  |t 0 
952 f f |p ric  |a Texas A&M University  |b Rellis Campus  |c Joint Library Facility  |d Remote Storage  |t 0  |e GV345 .C25  |h Library of Congress classification  |i unmediated -- volume  |m A14800844184 
998 f f |a GV345 .C25  |t 0  |l Remote Storage